Lecciones de Geometría métrica / (Record no. 84788)

MARC details
000 -LEADER
campo de control de longitud fija 00515nam a2200181 i 4500
001 - NÚMERO DE CONTROL
campo de control 84788
003 - IDENTIFICADOR DE NÚMERO DE CONTROL
campo de control ES-MaACL
005 - FECHA Y HORA DE LA ÚLTIMA TRANSACCIÓN
campo de control 20230906175114.0
007 - CAMPO FIJO DE DESCRIPCIÓN FÍSICA--INFORMACIÓN GENERAL
campo de control de longitud fija t|
008 - DATOS DE LONGITUD FIJA--INFORMACIÓN GENERAL
campo de control de longitud fija 041124m19081909sp ||||1| spa d
100 1# - ENTRADA PRINCIPAL--NOMBRE DE PERSONA
Nombre de persona Jiménez Rueda, Cecilio.
9 (RLIN) 66605
245 10 - MENCIÓN DEL TÍTULO
Título Lecciones de Geometría métrica /
Mención de responsabilidad, etc. por Cecilio Jiménez Rueda.
250 ## - MENCION DE EDICION
Mención de edición 2ª ed. aum.
260 ## - PUBLICACIÓN, DISTRIBUCIÓN, ETC.
Lugar de publicación, distribución, etc. Madrid :
Nombre del editor, distribuidor, etc. [s.n.,
Fecha de publicación, distribución, etc. 1908-1909] (
Fabricante Fortanet)
300 ## - DESCRIPCIÓN FÍSICA
Extensión 2 v. ;
Dimensiones 23 cm.
500 ## - NOTA GENERAL
Nota general El 2º v. es de lám.
852 ## - LOCALIZACIÓN
Ubicación ES-MaACL
Número de control de estantería F-4217-18
Holdings
Estatus retirado Estado de pérdida Estado de daño No para préstamo Biblioteca de origen Biblioteca actual Ubicación en estantería Fecha de adquisición Fuente de adquisición Total de préstamos Signatura topográfica completa Código de barras Visto por última vez Precio de reemplazo Tipo de ítem Koha
        Biblioteca del Ateneo de Madrid Biblioteca del Ateneo de Madrid Depósito 2 17/01/2008     F-4217-18 1088608 23/02/2023 23/02/2023 Libro impreso